000 01403cam a2200349 a 4500
999 _c11131
_d11131
001 16485278
003 OSt
005 20191221142726.0
008 101001s2010 ii a b 001 0 eng
010 _a 2010308239
020 _a9780198065470
020 _a0198065477
025 _aI-E-2010-308239; 79-90
037 _bLibrary of Congress -- New Delhi Overseas Office
040 _aDLC
_cDLC
_dDLC
042 _alcode
_apcc
043 _aa-ii---
050 0 0 _aHC435.2
_b.B332 2010
082 _a338.954
_bBAL/E
100 1 _aBalakrishnan, Pulapre
_9663
245 1 0 _aEconomic growth in India :
_bhistory and prospect /
_cPulapre Balakrishnan.
260 _aNew Delhi :
_bOxford University Press,
_c2010.
300 _axxxv, 289 p. :
_bill. ;
_c23 cm.
504 _aIncludes bibliographical references (p. [265]-281) and index.
651 0 _aIndia
_xEconomic conditions
_y1947-
856 4 2 _3Contributor biographical information
_uhttp://www.loc.gov/catdir/enhancements/fy1105/2010308239-b.html
856 4 2 _3Publisher description
_uhttp://www.loc.gov/catdir/enhancements/fy1105/2010308239-d.html
856 4 1 _3Table of contents only
_uhttp://www.loc.gov/catdir/enhancements/fy1105/2010308239-t.html
906 _a7
_bcbc
_corigode
_d3
_encip
_f20
_gy-gencatlg
942 _2ddc
_cBK
_h338.954
_iBAL/E
_k338.954
_mBAL/E